| 000 | 00915cab a2200253 4500 | ||
|---|---|---|---|
| 001 | ABS45889 | ||
| 008 | 090401t1992 xxu||||| |||| 00| 0 eng d | ||
| 035 | _a(Sirsi) u55739 | ||
| 041 | _aeng | ||
| 245 | _aBES: safe as houses? | ||
| 260 | _c1992 | ||
| 350 | _a0 | ||
| 490 |
_aMoney Management _vMarch 1992, 48-54(7) |
||
| 520 | _aSpecial report on Business Expansion Schemes use in property investment assessing the current issues and looking at the risks involved. Includes a list of assured tenancy issues and a ready reckoner of investors returns. Gives useful addresses and a summary of the tax relief qualifying rules. | ||
| 650 | _aASSURED TENANCIES | ||
| 650 | _aBES | ||
| 650 | _aBUSINESS EXPANSION SCHEMES | ||
| 650 | _aPROPERTY INVESTMENT | ||
| 650 | _aTAX RELIEF | ||
| 690 | _aPROPERTY-PROPERTY FINANCE AND INVESTMENT | ||
| 690 | _aHOUSING-FINANCE | ||
| 942 | _n0 | ||
| 948 | _c04/03/1997 | ||
| 999 |
_c34073 _d34073 |
||